• 首页
  • 本馆介绍
  • 公告通知
  • 最新文献
  • 馆藏检索
  • 电子资源
  • 读者导购
  • 参考咨询
  • 我的图书馆
  • 登录
  • 详细信息显示
  • 放入我的书架
  • 预约/预借图书
  • 作者相关作品
  • 分类相关作品
  • 丛书相关作品
  • 出版社相关作品

书目信息

  • 表格格式
  • 工作单格式
  • 卡片格式
题名:
古人称谓漫谈
    
 
作者: 袁庭栋 著
分册:  
出版信息: 北京   中华书局  1994.06
页数: 200页
开本: 32开
丛书名: 文史知识文库
单 册:
中图分类: K892.98
科图分类:
主题词: 风俗习惯
电子资源:
ISBN: 7-101-01153-5
000 00594nam0 2200217 45
001 0004241568
005 20040509172915.9
010    @a7-101-01153-5@dCNY8.50
100    @a20000424d1994 km y0chiy0120 ea
101 0  @achi
105    @a z 000yy
200 1  @a古人称谓漫谈@AGu Ren Chen Wei Man Tan@f袁庭栋著@FYuan Ting Dong Zhu
210    @a北京@c中华书局@d1994.06
215    @a200页@d32开
225    @a文史知识文库
410    @12001 @a文史知识文库
606 0  @a风俗习惯
690    @aK892.98@v1
701  0 @a袁庭栋@4著
801    @aCN@bTSTC@c20000424
905    @dK892.98@e48@f3@b288209-211
    
    古人称谓漫谈/袁庭栋著.-北京:中华书局,1994.06
    200页;32开.-(文史知识文库)
    
    
    ISBN 7-101-01153-5:CNY8.50
    
●
相关链接 在E读中查询图书 在五车中查询图书 在当当中查询图书 在豆瓣中查询图书


正题名:古人称谓漫谈     索取号:K892.98/48         预约/预借

序号 登录号 条形码 馆藏地/架位号 状态 备注
1 0288209   002882090   第二借阅区/ [索取号:K892.98/48] 在馆    
2 0288210   002882107   第二借阅区/ [索取号:K892.98/48] 在馆    
3 0288211   002882116   第二借阅区/ [索取号:K892.98/48] 在馆    
4 0288212   002882125   第二借阅区/ [索取号:K892.98/48] 在馆    
5 0288213   002882134   第二样本阅览室/ [索取号:K892.98/48] 在馆    
唐山师范学院图书馆 欢迎您!
大连网信软件有限公司© 版权所有